नेटवर्क व्यवसायातून अधिक पैसा मिळविण्याच्या 201 सोप्या सरळ कल्पना (Record no. 179898)

MARC details
000 -LEADER
fixed length control field 01026nam a2200181Ia 4500
008 - FIXED-LENGTH DATA ELEMENTS--GENERAL INFORMATION
fixed length control field 090124s9999 xx 000 0 und d
082 ## - DEWEY DECIMAL CLASSIFICATION NUMBER
Item number 133663
Classification number 102674
100 ## - MAIN ENTRY--PERSONAL NAME
Personal name उर्ध्वरेषे बाळ
245 ## - TITLE STATEMENT
Title नेटवर्क व्यवसायातून अधिक पैसा मिळविण्याच्या 201 सोप्या सरळ कल्पना
250 ## - EDITION STATEMENT
Edition statement 1
260 ## - PUBLICATION, DISTRIBUTION, ETC. (IMPRINT)
Name of publisher, distributor, etc रिचर्ड टॅन आणि के.सी.सी.
Date of publication, distribution, etc 2005
300 ## - PHYSICAL DESCRIPTION
Extent 96
600 ## - SUBJECT ADDED ENTRY--PERSONAL NAME
Personal name उर्ध्वरेषे बाळ
630 ## - SUBJECT ADDED ENTRY--UNIFORM TITLE
Uniform title नेटवर्क व्यवसायातून अधिक पैसा मिळविण्याच्या 201 सोप्या सरळ कल्पना
700 ## - ADDED ENTRY--PERSONAL NAME
Personal name उर्ध्वरेषे बाळ
730 ## - ADDED ENTRY--UNIFORM TITLE
Uniform title नेटवर्क व्यवसायातून अधिक पैसा मिळविण्याच्या 201 सोप्या सरळ कल्पना
942 ## - ADDED ENTRY ELEMENTS (KOHA)
Koha item type Book
Holdings
Withdrawn status Lost status Damaged status Not for loan Home library Current library Date acquired Cost, normal purchase price Total Checkouts Full call number Barcode Date last seen Cost, replacement price Price effective from Koha item type
        Marathi Granth Sangrahalaya,Thane Marathi Granth Sangrahalaya,Thane   150.00   133663 THNMGS-133663 01/24/2009 150.00 01/24/2009 Book